header

Amazon SimpleDB developer guide (Record no. 243876)

MARC details
000 -LEADER
fixed length control field 01299nam a2200325 a 4500
100 1# - MAIN ENTRY--AUTHOR NAME
Personal name Chaganti, Prabhakar.
245 10 - TITLE STATEMENT
Title Amazon SimpleDB developer guide
260 ## - PUBLICATION, DISTRIBUTION, ETC. (IMPRINT)
Place of publication Birmingham, U.K. :
Name of publisher Packt Enterprise,
Year of publication 2010.
300 ## - PHYSICAL DESCRIPTION
Number of Pages vi, 232 p. :
Other physical details ill. (some col.)
500 ## - GENERAL NOTE
General note Includes index.
650 #0 - SUBJECT ADDED ENTRY--TOPICAL TERM
Topical Term Web services.
Topical Term Cloud computing.
Topical Term Database management.
700 1# - ADDED ENTRY--PERSONAL NAME
Personal name Helms, Rich.
856 40 - ELECTRONIC LOCATION AND ACCESS
Uniform Resource Identifier http://site.ebrary.com/lib/rucke/Doc?id=10439361

No items available.

© 2026 Rongo University
Contact us: librarian | system librarian | Rongo university